000 01485ngm a22004210a 4500
001 PT19341
003 AR-LpoUNG
005 20210202000304.0
007 vd cvaizq
008 191001s1999||||ag |||||||||||||||||spa d
037 _c$16.63
040 _aAR-LpoUNG
_bspa
_cAR-LpoUNG
_eaacr
041 _aspa
044 _aag
082 0 _a920 661pad
245 1 0 _aPadre Mugica
260 _aBuenos Aires :
_bUNLZ - Roberto Di Chiara Di Film,
_c1999.
300 _aVHS : son., col.
505 0 _aGuión: Gustavo Gordillo, Gabriel Mariotto ; producción: Muriel Bernardo, Paula Pozzoli, Patricia Domínguez.
520 _aSe recrean pasajes de la vida del sacerdote, en base a testimonios de familiuares, integrantes del Movimiento de Sacerdotes para el Tercer Mundo, colaboradores en su trabajo de la Villa 31, y personalidades de la política del país de los años ï70. Posee material de archivo con imágenes inéditas de alto valor testimonial.
650 4 _aANALISIS HISTORICO
650 4 _aARGENTINA
650 4 _aBIOGRAFIAS
650 4 _aCOMPORTAMIENTO POLITICO
650 4 _aJUSTICIA SOCIAL
650 4 _aPARTICIPACION POLITICA
650 4 _aPARTICIPACION SOCIAL
651 4 _aArgentina
653 _aCINE ARGENTINO
653 _aDOCUMENTALES
653 _aDVD
653 _aMUGICA, CARLOS
653 _aVIDEOS
653 _aVIDEOS
710 2 _aUniversidad Nacional de Lomas de Zamora (Buenos Aires)
905 _a19341
942 _cVIDEO
999 _c54536
_d54536